| 000 | 00783cam a2200265 i 4500 | ||
|---|---|---|---|
| 001 | 768714001 | ||
| 003 | CO-MdBIC | ||
| 005 | 20231130154129.0 | ||
| 008 | 231130s1957 -us||||| |||| 00| 0 eng d | ||
| 040 |
_bspa. _aCO-MdFUSB _cCO-MdFUSB _dCO-MdFUSBC _erda |
||
| 041 | _aeng | ||
| 082 | 0 | 4 | _aG 231.7 W1876c |
| 100 | 1 | _aWallace, Ronald S. | |
| 245 | 1 | 0 |
_aCalvin's Doctrine of the Word and Sacrament / Ronald S. Wallace _c/ |
| 264 | 1 |
_aGrand Rapids, MI., USA : Eerdmans _bWm. B. Eerdmans Publishing Company, _c[1957] |
|
| 264 | 4 | _c©1957 | |
| 300 |
_a253 Pag _c; |
||
| 336 |
_atexto _btxt _2rdacontent |
||
| 337 |
_2rdamedia _asin mediación _bn |
||
| 338 |
_2rdacarrier _avolumen _bnc |
||
| 650 | 0 |
_aCalvinismo _9937 |
|
| 650 | 0 |
_aBiblia _916 |
|
| 942 | _cBK | ||
| 945 | _ajohan1477 | ||
| 999 |
_c34484 _d34484 |
||